| 000 | 00474nam a2200169 a 4500 | ||
|---|---|---|---|
| 005 | 20140412111349.0 | ||
| 008 | 050422s19uu xx 00 eng d | ||
| 020 | _a0-14-054435-6 | ||
| 050 |
_aER _bIm31 1991 |
||
| 100 | _aSmith, Mavis | ||
| 245 |
_aI'm going to get you! : _ba lift-the flap book / _cMavis Smith. |
||
| 260 |
_aNew York : _bPuffin Books, _c1991. |
||
| 300 | _a1 v. (unp.) ; ill. | ||
| 650 |
_aDog _xFiction |
||
| 650 | _aChildren stories | ||
| 999 |
_c105277 _d105277 |
||